Calculus
Sparad:
| Huvudupphovsman: | |
|---|---|
| Materialtyp: | Bok |
| Språk: | engelska |
| Publicerad: |
Reading
Addison Wesley
1967
|
| Serie: | Addison Wesley Series in Mathematics
|
| Ämnen: | |
| Taggar: |
Lägg till en tagg
Inga taggar, Lägg till första taggen!
|
MARC
| LEADER | 00000nam a2200000 a 4500 | ||
|---|---|---|---|
| 001 | UCG0273 | ||
| 003 | CL-VaPUC | ||
| 008 | 100318e19670000US |||||||||||||||||eng|d | ||
| 082 | 0 | 4 | |a 515 |b MOI |2 21 |
| 100 | |a Moise, Edwin E. |e autor |9 547639 | ||
| 245 | 1 | 0 | |a Calculus |
| 300 | |a 788 p | ||
| 942 | |c BK | ||
| 945 | |d 20100318 00:00:00 |a rbrito | ||
| 260 | |a Reading |b Addison Wesley |c 1967 | ||
| 650 | 7 | |a INECUACIONES |2 CL-VaPUC |9 359706 | |
| 650 | 0 | |a Geometría analítica |9 260062 | |
| 650 | 0 | |a Funciones |9 263869 | |
| 650 | 0 | |a Derivadas |9 354237 | |
| 650 | 0 | |a Integrales |9 260233 | |
| 650 | 0 | |a Trigonometría |9 259568 | |
| 650 | 0 | |a Series de Fourier |9 260465 | |
| 583 | |a last modification |c 20121116 10:10:43 |k Rodrigo Vera | ||
| 490 | 0 | |a Addison Wesley Series in Mathematics | |
| 999 | |c 339960 |d 339958 | ||
| 952 | |0 0 |1 0 |4 0 |6 515_000000000000000_MOI_1967 |7 0 |8 A |9 434232 |a BIBCUR |b BIBCUR |d 2019-11-22 |i 4649494 |l 5 |m 4 |o 515 MOI 1967 |p 4649494 |r 2025-04-22 |s 2024-04-12 |w 2019-11-22 |y BK |k FIS | ||
| 952 | |0 0 |1 0 |4 0 |6 515_000000000000000_MOI_1967 |7 0 |8 A |9 434233 |a BIBMAT |b BIBMAT |d 2019-11-22 |i 4665910 |o 515 MOI 1967 |p 4665910 |r 2025-01-07 |w 2019-11-22 |y BK |k MAT | ||